000 00452nam a2200121Ia 4500
008 220620s9999||||xx |||||||||||||| ||und||
100 _aJames Millington (Ed.)||John Wainwright (Ed.)
245 0 _aAgent-Based Modelling and Landscape Change
546 _aEnglish[eng]
650 _ainnovation||landscape change||agent-based models||simulation||spatial||modelling||interdisciplinary
856 _uhttp://www.mdpi.com/books/pdfview/book/225
942 _cEB
999 _c25906
_d25906